000 00466nam a22001937a 4500
001 21592
005 20260320084639.0
008 260320b |||||||| |||| 00| 0 spa d
041 _aESP
082 _a720.284
_bCH554
100 _aChing, Francis D. K.
_eAUT
245 _aManual de dibujo arquitectónico
260 _a :
_b ,
_c2016
300 _avi, 266 páginas :
_b ;
_c30 cm.
440 _a ;
650 _aADE
700 _a;
942 _cLIB
_dJUS
_fJUS
_2ddc
999 _c21592
_d21592